Szczegóły MARC21

Vademecum zarządcy nieruchomości 2020 : z praktycznymi komentarzami /

003 -Nazwa inst., której nr kontr. jest w polu 001 [,]
    • @
    • Nazwa instytucji, której n kontrolny jest w polu 001
    • NUKAT
005 -DATA I CZAS OSTATNIEJ MODYFIKACJI [,]
    • @
    • pole kontrolne
    • 20241231110946.0
020 -Międzynarod. znormalizowany nr książki - ISBN [ , ]
    • a
    • Numer ISBN
    • 9788326991059 Find
040 -Instytucja sporządzająca opis [ , ]
    • a
    • Instytucja, która sporządziła opis (NP)
    • WA M/ES
    • b
    • Język katalogowania
    • pol
    • e
    • Zasady katalogowania
    • rda
    • c
    • Instytucja, która sporządziła rekord (NP)
    • WA M/ES
    • d
    • Instytucja, która zmodyfikowała rekord (P)
    • WA M/BA
    • d
    • Instytucja, która zmodyfikowała rekord (P)
    • SZCZ U/AB
    • d
    • Instytucja, która zmodyfikowała rekord (P)
    • WR U/AWs
942 -Rodzaj dokumentu [ , ]
    • c
    • Rodzaj dokumentu
    • Książka
245 -Strefa tytułu i oznaczenia odpowiedzialności [0,0]
    • a
    • Tytuł
    • Vademecum zarządcy nieruchomości 2020 : Find
    • b
    • Ciąg dalszy tytułu (NP)
    • z praktycznymi komentarzami / Find
    • c
    • Pozostałe elementy strefy tytułu i oznaczenia odpowiedzialności (NP)
    • autorzy: Jan Rak, Paweł Puch, Marcin Sarna, Michał Substyk ; redakcja Karolina Szewczyk-Cieślik.
260 -Strefa adresu wydawniczego [ , ]
    • a
    • Miejsce wydania (P)
    • Warszawa :
    • b
    • Nazwa wydawcy (P)
    • Oficyna Prawa Polskiego,
    • c
    • Data wydania (P)
    • © copyright 2020.
300 -Strefa opisu fizycznego [ , ]
    • a
    • Określenie formy książki i/lub objętość (NP)
    • 203 strony :
    • b
    • Oznaczenie ilustracji (NP)
    • ilustracje ;
    • c
    • Format (NP)
    • 30 cm +
    • e
    • Oznaczenie dokumentu towarzyszącego (NP)
    • dysk optyczny (CD-ROM).
336 -Typ zawartości [ , ]
    • a
    • Termin opisujący typ zawartości
    • Tekst
    • b
    • Kod określający zawartość
    • txt
    • 2
    • Źródło (terminu i kodu)
    • rdacontent
337 -Typ mediów [ , ]
    • a
    • Tryb odtwarzania
    • Bez urządzenia pośredniczącego
    • b
    • Kod typu mediów
    • n
    • 2
    • Źródło (terminu i kodu)
    • rdamedia
337 -Typ mediów [ , ]
    • a
    • Tryb odtwarzania
    • Komputer
    • b
    • Kod typu mediów
    • c
    • 2
    • Źródło (terminu i kodu)
    • rdamedia
338 -Typ/rodzaj nośnika [ , ]
    • a
    • Hasło opisujące typ nośnika
    • Wolumin
    • b
    • Kod typu nośnika
    • nc
    • 2
    • Źródło (terminu i kodu)
    • rdacarrier
338 -Typ/rodzaj nośnika [ , ]
    • a
    • Hasło opisujące typ nośnika
    • Dysk komputerowy
    • b
    • Kod typu nośnika
    • cd
    • 2
    • Źródło (terminu i kodu)
    • rdacarrier
490 -Strefa serii i książki wielotomowej - forma nie do wyszukiwania [1, ]
    • a
    • Tytuł (P)
    • Biblioteka Zarządcy Nieruchomości Find
830 -Hasło dodatkowe serii i opisu książki wielotomowej - tytuł ujednolicony/tytuł [ ,0]
    • a
    • Tytuł ujednolicony/tytuł (NP)
    • Biblioteka Zarządcy Nieruchomości - Wydawnictwo Wiedza i Praktyka
    • 9
    • KHW
    • 545465
500 -Uwaga ogólna [ , ]
    • a
    • Uwaga ogólna (NP)
    • Na okładce podtytuł: wzory dokumentów, pism, umów, wniosków z komentarzem 2020. Na okładce: Zgodne z RODO.
500 -Uwaga ogólna [ , ]
    • a
    • Uwaga ogólna (NP)
    • Do części nakładu dołaczona płyta CD z wzorami dokumentów.
650 -Hasło przedmiotowe [ ,7]
    • a
    • Hasło przedmiotowe
    • Nieruchomości
    • x
    • Określnik rzeczowy
    • zarządzanie
    • z
    • Określnik geograficzny
    • Polska
    • v
    • Określnik formalny
    • poradniki.
    • 2
    • Źródło terminu
    • kaba
    • 9
    • KHW
    • 388884
650 -Hasło przedmiotowe [ ,7]
    • a
    • Hasło przedmiotowe
    • Nieruchomości
    • x
    • Określnik rzeczowy
    • zarządzanie
    • z
    • Określnik geograficzny
    • Polska
    • v
    • Określnik formalny
    • formularze.
    • 2
    • Źródło terminu
    • kaba
    • 9
    • KHW
    • 561540
700 -Hasło dodatkowe - nazwa osobowa [1, ]
    • a
    • Nazwa osobowa (NP)
    • Rak, Jan Find
    • d
    • Daty biograficzne (NP)
    • ( -2020).
    • e
    • Określenie rodzaju współpracy
    • Autor
    • 9
    • KHW
    • 409958
700 -Hasło dodatkowe - nazwa osobowa [1, ]
    • a
    • Nazwa osobowa (NP)
    • Puch, Paweł. Find
    • e
    • Określenie rodzaju współpracy
    • Autor
    • 9
    • KHW
    • 545705
700 -Hasło dodatkowe - nazwa osobowa [1, ]
    • a
    • Nazwa osobowa (NP)
    • Sarna, Marcin Find
    • c
    • Dopowiedzenie inne niż daty biograficzne (NP)
    • (prawo).
    • e
    • Określenie rodzaju współpracy
    • Autor
    • 9
    • KHW
    • 545707
700 -Hasło dodatkowe - nazwa osobowa [1, ]
    • a
    • Nazwa osobowa (NP)
    • Substyk, Michał. Find
    • e
    • Określenie rodzaju współpracy
    • Autor
    • 9
    • KHW
    • 545706
700 -Hasło dodatkowe - nazwa osobowa [1, ]
    • a
    • Nazwa osobowa (NP)
    • Szewczyk-Cieślik, Karolina. Find
    • e
    • Określenie rodzaju współpracy
    • Redakcja
    • 9
    • KHW
    • 556575
710 -Hasło dodatkowe - nazwa ciała zbiorowego [2, ]
    • a
    • Nazwa ciała zbiorowego lub nazwa geograficzna jako pierwszy element (NP)
    • Wydawnictwo Wiedza i Praktyka.
    • e
    • Rodzaj współpracy
    • Wydawca
    • 4
    • Kod relacji
    • pbl
    • 9
    • KHW
    • 62975
920 -ISBN [ , ]
    • a
    • ISBN
    • 978-83-269-9105-9 Find
Status udost. Numer inwentarzowy Data inwentaryzacji Lokalizacja
-2E.796802020-09-23BE
-2S.965952020-09-23BE